000 00604nam a2200205 a 4500
005 20210219153433.0
008 991125n 000 0 spa u
035 _aUPN01000099387
100 1 _aBarcena Orbe, Fernando
222 _aREVISTA ESPAÑOLA DE PEDAGOGIA
245 _aEl sentido de la capacidad de escucha en la educación : acerca de la docilidad y la tarea educativa
300 _a183-206
362 0 _a1987 Año 45, no. 176, abr.-jun.
653 0 _aALUMNOS
653 0 _aAUTONOMIA
653 0 _aMAESTROS
653 0 _aPRACTICA DOCENTE
904 _aAC
_b037198
905 _aArticulo
999 _c76790
_d76790